Contractor safety, Dutch-style (Record no. 67435)

MARC details
000 -LEADER
fixed length control field 00942cam a2200217 4500
001 - CONTROL NUMBER
control field X113226
008 - FIXED-LENGTH DATA ELEMENTS--GENERAL INFORMATION
fixed length control field 000000n2001 000 0 eng u
035 ## - SYSTEM CONTROL NUMBER
System control number (Sirsi) u113226
100 ## - MAIN ENTRY--PERSONAL NAME
Personal name Dyer, C.
245 ## - TITLE STATEMENT
Title Contractor safety, Dutch-style
260 ## - PUBLICATION, DISTRIBUTION, ETC.
Date of publication, distribution, etc. 2001
490 ## - SERIES STATEMENT
Series statement Health and Safety Bulletin
Volume/sequential designation June 2001, 19-20(2)
520 ## - SUMMARY, ETC.
Summary, etc. Advocates the adoption within the UK of safety schemes similar those in use in the Netherlands, whereby contractors use a handbook of standardised procedures and instructions, including the safety checklist for contractors "Veiligheids Checklist Aannemers" (VCA), formulate a sound health and safety policy which can be given one of two levels of certification.
650 ## - SUBJECT ADDED ENTRY--TOPICAL TERM
Topical term or geographic name entry element CERTIFICATION
650 ## - SUBJECT ADDED ENTRY--TOPICAL TERM
Topical term or geographic name entry element CHECKLISTS
650 ## - SUBJECT ADDED ENTRY--TOPICAL TERM
Topical term or geographic name entry element CONSTRUCTION INDUSTRY
650 ## - SUBJECT ADDED ENTRY--TOPICAL TERM
Topical term or geographic name entry element CONTRACTORS
650 ## - SUBJECT ADDED ENTRY--TOPICAL TERM
Topical term or geographic name entry element HEALTH AND SAFETY MANAGEMENT SYSTEMS
690 ## - LOCAL SUBJECT ADDED ENTRY--TOPICAL TERM (OCLC, RLIN)
Topical term or geographic name as entry element BUILT ENVIRONMENT-BUILDING STANDARDS
942 ## - ADDED ENTRY ELEMENTS (KOHA)
Suppress in OPAC 0
Holdings
Withdrawn status Lost status Source of classification or shelving scheme Damaged status Not for loan Home library Current library Shelving location Date acquired Total Checkouts Full call number Barcode Date last seen Copy number Price effective from Koha item type
    Dewey Decimal Classification     London London Journal article 12/07/2001   X113226 113226-1001 06/08/2019 1 06/08/2019 Journal article